| 000 | 00587cab a2200229 4500 | ||
|---|---|---|---|
| 001 | X960 | ||
| 008 | 090401t1993 xxu||||| |||| 00| 0 eng d | ||
| 035 | _a(Sirsi) u68433 | ||
| 041 | _aeng | ||
| 100 | _aThompson, C. | ||
| 245 | _aLand surveyors - beware! | ||
| 260 | _c1993 | ||
| 350 | _a0 | ||
| 490 |
_aASI Journal _v5(2) July 1993, 17-18(2) |
||
| 650 | _aCONFERENCE | ||
| 650 | _aNATIONAL LAND SURVEYING AND MAPPING CONFERENCE | ||
| 650 | _aSURVEY AND MAPPING 93 | ||
| 650 | _aSURVEY AND MAPPING ALLIANCE | ||
| 690 | _aLAND SURVEYING | ||
| 942 | _n0 | ||
| 948 | _c04/03/1997 | ||
| 999 |
_c42937 _d42937 |
||